000 00404nam a22001577a 4500
003 OSt
008 210915b ||||| |||| 00| 0 eng d
020 _a9789387973466
082 _a635
_bTYAAD
245 _aAdvanced Techniques
260 _aNew Delhi
_bNew India Publishing Agency
_c2019
300 _a235 pages
490 _aHi- Tech Horticulture Vol.6
700 _aTyagi ,Sachin
_95064
942 _cBK
999 _c17437
_d17437